[Event "Mar de Ajo op"]
[Site "Mar de Ajo"]
[Date "2018.10.27"]
[Round "3.4"]
[White "Renkine, Ivan"]
[Black "Bonnet, Sebastian"]
[Result "1/2-1/2"]
[WhiteElo "1702"]
[BlackElo "1773"]
[PlyCount "65"]
[EventDate "2018.10.26"]
[EventType "swiss"]
[EventRounds "6"]
[EventCountry "ARG"]
[SourceTitle "EXT 2024"]
[Source "ChessBase"]
[SourceDate "2023.10.10"]
[SourceVersion "1"]
[SourceVersionDate "2023.10.10"]
[SourceQuality "1"]

1. f4 e5 2. fxe5 d6 3. exd6 Bxd6 4. Nf3 Nf6 5. d4 Bf5 6. Bg5 h6 7. Bh4 g5 8. Bf2 Ne4 9. e3 Nxf2 10. Kxf2 g4 11. Ne1 Qf6 12. Ke2 Nc6 13. Nc3 0-0-0 14. g3 Rhe8 15. Kd2 Nxd4 16. Bd3 Qg5 17. Ng2 Bb4 18. Rf1 Nb5 19. Rf4 Bxd3 20. cxd3 Bxc3+ 21. bxc3 Qd5 22. Qxg4+ Kb8 23. Ne1 Qc5 24. Rc1 Qxe3+ 25. Kc2 Na3+ 26. Kb2 Qd2+ 27. Nc2 Rxd3 28. Qg7 a6 29. Ra4 Re1 30. Qf8+ Rd8 31. Qxd8+ Qxd8 32. Rxe1 Nb5 33. Nd4 1/2-1/2

[Event "Mar de Ajo op 4th"]
[Site "Mar de Ajo"]
[Date "2017.11.04"]
[Round "2"]
[White "Renkine, Ivan"]
[Black "Berdun, Juan"]
[Result "0-1"]
[WhiteElo "1760"]
[BlackElo "1544"]
[PlyCount "70"]
[EventDate "2017.11.03"]
[EventType "swiss"]
[EventRounds "6"]
[EventCountry "ARG"]
[SourceTitle "CBM 181 Extra"]
[Source "ChessBase"]
[SourceDate "2017.12.12"]
[SourceVersion "1"]
[SourceVersionDate "2017.12.12"]
[SourceQuality "1"]

1. e4 e5 2. f4 d6 3. Bc4 Nf6 4. d3 Nc6 5. Nf3 Be7 6. 0-0 0-0 7. Qe1 Bd7 8. f5 b6 9. Nc3 Na5 10. Bd5 c6 11. Bb3 Nxb3 12. axb3 a5 13. h3 Re8 14. g4 Kh8 15. Ng5 Kg8 16. Qg3 d5 17. h4 dxe4 18. dxe4 Bc5+ 19. Be3 Qe7 20. Bxc5 Qxc5+ 21. Rf2 Rad8 22. Rd1 Bc8 23. Rxd8 Rxd8 24. Nf3 Qe3 25. Kg2 Nxe4 26. Nxe4 Qxe4 27. Kh3 h5 28. Nxe5 hxg4+ 29. Nxg4 Bxf5 30. Rxf5 Qxf5 31. Kg2 Qxc2+ 32. Nf2 Rd2 33. Qb8+ Kh7 34. Qxb6 Qxb2 35. Qe3 Rxf2+ 0-1

[Event "Pinamar CADA op 1st"]
[Site "Pinamar"]
[Date "2017.03.18"]
[Round "1"]
[White "Renkine, Ivan"]
[Black "Daneri, Martin"]
[Result "0-1"]
[WhiteElo "1782"]
[BlackElo "2074"]
[PlyCount "30"]
[EventDate "2017.03.17"]
[EventType "swiss"]
[EventRounds "6"]
[EventCountry "ARG"]
[SourceTitle "EXT 2024"]
[Source "ChessBase"]
[SourceDate "2023.10.10"]
[SourceVersion "1"]
[SourceVersionDate "2023.10.10"]
[SourceQuality "1"]

1. f4 Nh6 2. b3 d5 3. Bb2 d4 4. Nf3 c5 5. e3 Be6 6. Be2 Bd5 7. 0-0 Nc6 8. c4 Be4 9. Na3 e6 10. d3 Bxf3 11. Bxf3 Rc8 12. Nc2 Nf5 13. Qd2 Be7 14. Bxc6+ Rxc6 15. Bc1 Bf6 0-1

[Event "Santa Teresita op 1st"]
[Site "Santa Teresita"]
[Date "2016.11.13"]
[Round "5"]
[White "Sosa, Adrian"]
[Black "Renkine, Ivan"]
[Result "0-1"]
[WhiteElo "1692"]
[BlackElo "1764"]
[PlyCount "57"]
[EventDate "2016.11.11"]
[EventType "swiss"]
[EventRounds "6"]
[EventCountry "ARG"]
[SourceTitle "CBM 175 Extra"]
[Source "ChessBase"]
[SourceDate "2016.12.12"]
[SourceVersion "1"]
[SourceVersionDate "2016.12.12"]
[SourceQuality "1"]

1. d4 Nf6 2. Nf3 b6 3. Bf4 Bb7 4. e3 h5 5. h3 e6 6. Nbd2 Be7 7. Bd3 Nd5 8. Be5 0-0 9. 0-0 d6 10. Bh2 f5 11. c4 Nd7 12. e4 fxe4 13. Nxe4 Nf4 14. Bc2 Qe8 15. Neg5 Nxg2 16. Qd3 g6 17. Qxg6+ Qxg6 18. Bxg6 Rxf3 19. Nxf3 Bxf3 20. Bxh5 Bxh5 21. Kxg2 Kh7 22. Rae1 Rg8+ 23. Bg3 e5 24. Kh2 Bf3 25. Rg1 e4 26. a4 Nf8 27. b4 a6 28. Rb1 Bg5 29. Rb2 0-1

[Event "Santa Teresita op 1st"]
[Site "Santa Teresita"]
[Date "2016.11.12"]
[Round "4"]
[White "Renkine, Ivan"]
[Black "Zito, Alberto"]
[Result "1-0"]
[WhiteElo "1764"]
[BlackElo "1629"]
[PlyCount "40"]
[EventDate "2016.11.11"]
[EventType "swiss"]
[EventRounds "6"]
[EventCountry "ARG"]
[SourceTitle "CBM 175 Extra"]
[Source "ChessBase"]
[SourceDate "2016.12.12"]
[SourceVersion "1"]
[SourceVersionDate "2016.12.12"]
[SourceQuality "1"]

1. f4 c5 2. b3 Nc6 3. Nf3 Nf6 4. e3 e6 5. Bb2 Be7 6. a3 d5 7. Bd3 h6 8. 0-0 a6 9. Nc3 b5 10. Qe1 c4 11. bxc4 dxc4 12. Be4 Nxe4 13. Nxe4 Bb7 14. Bxg7 Rg8 15. Bxh6 Qd5 16. Ng3 0-0-0 17. e4 Bc5+ 18. Kh1 Qd7 19. Bg5 f6 20. Bxf6 Rdf8 1-0

[Event "ARG-ch qual U2000"]
[Site "Buenos Aires"]
[Date "2015.08.01"]
[Round "3.2"]
[White "Sosa, Adrian"]
[Black "Renkine, Ivan"]
[Result "1/2-1/2"]
[WhiteElo "1663"]
[BlackElo "1783"]
[PlyCount "132"]
[EventDate "2015.08.01"]
[EventType "swiss"]
[EventRounds "6"]
[EventCountry "ARG"]
[SourceTitle "EXT 2024"]
[Source "ChessBase"]
[SourceDate "2023.10.10"]
[SourceVersion "1"]
[SourceVersionDate "2023.10.10"]
[SourceQuality "1"]

1. d4 d5 2. Nf3 f5 3. Bf4 Nf6 4. c4 c6 5. cxd5 cxd5 6. Nc3 e6 7. e3 Bd6 8. Bxd6 Qxd6 9. Be2 a6 10. 0-0 0-0 11. Rc1 Bd7 12. Ne5 Be8 13. Na4 Bxa4 14. Qxa4 Nbd7 15. Nxd7 Nxd7 16. Rc3 f4 17. Qa3 Qxa3 18. bxa3 fxe3 19. fxe3 Nf6 20. Rc7 Rf7 21. Rfc1 Re8 22. Bf3 h5 23. Kf1 g5 24. Ke1 g4 25. Bd1 Ree7 26. Rxe7 Rxe7 27. a4 Kg7 28. Rc8 Kg6 29. Bc2+ Kg5 30. Ke2 e5 31. dxe5 Rxe5 32. Kd2 Ne4+ 33. Kd3 Re7 34. Kd4 Nf6 35. Rc5 Kh6 36. Bb3 Re4+ 37. Kd3 Re7 38. Bxd5 Nd7 39. Rc2 Kg5 40. Kd4 Nb6 41. Bb3 Rd7+ 42. Ke4 Re7+ 43. Kd3 Rd7+ 44. Ke2 Re7 45. Rc5+ Kh6 46. a5 Na8 47. Bd5 h4 48. Rc8 Nc7 49. Bxb7 Ne6 50. Bxa6 Nf4+ 51. Kf2 Nd5 52. Rc6+ Kg7 53. e4 Rxe4 54. Bb7 Rf4+ 55. Ke2 g3 56. hxg3 hxg3 57. Rd6 Rf2+ 58. Kd3 Nf4+ 59. Kc4 Rxa2 60. a6 Nxg2 61. Bxg2 Rxg2 62. Kb3 Rf2 63. Rd3 Rf6 64. Rxg3+ Kh6 65. a7 Ra6 66. Kb4 Rxa7 1/2-1/2